Merealisasikan harapan

Bibliographic Details
Main Author: Jamaluddin Hj. Ahmad Damanhuri
Format: Book
Published: Kuala Lumpur : Institut Tadbiran Awam Negara , 2005
Subjects:

MARC

LEADER 00000cam a2200000 7i4500
001 0000019319
005 20070601.0
020 |a 9839187058 
040 |a INS 
090 0 0 |a JQ1062.A67   |b J36 2005 
100 1 |a Jamaluddin Hj. Ahmad Damanhuri 
245 1 0 |a Merealisasikan harapan   |c Jamaluddin Hj. Ahmad Damanhuri 
260 |a Kuala Lumpur :   |b Institut Tadbiran Awam Negara ,   |c 2005 
300 |a xi, 192ms. ;   |c 25cm. 
500 |a Mengandungi indeks 
650 0 0 |a Civil service   |z Malaysia 
650 0 0 |a Public administration   |z Malaysia 
999 |a 0000018611   |b BOOK   |c Open Shelf   |e Default branch 
999 |a 0000018870   |b BOOK   |c Open Shelf   |e Default branch